Normal view
MARC view
Entry Personal Name
001 - CONTROL NUMBER
- control field: 13776
003 - CONTROL NUMBER IDENTIFIER
- control field: OSt
005 - DATE AND TIME OF LATEST TRANSACTION
- control field: 20241209223758.0
008 - FIXED-LENGTH DATA ELEMENTS
- fixed length control field: 241209|| aca||aabn | a|a d
040 ## - CATALOGING SOURCE
- Original cataloging agency: OSt
- Transcribing agency: OSt
100 ## - HEADING--PERSONAL NAME
- Personal name: Balbiran, Fatima R., author
670 ## - SOURCE DATA FOUND
- Source citation: Work cat.: (OSt): Balbiran, Fatima R., author., A feasibility study of establishing "Crash of Lights Snack House" located at Niog Road, General Emilio Aguinaldo Highway, Bacoor City, Cavite /, 2018.
